000 01000nam a22003137a 4500
003 CHAP
005 20220329143806.0
008 110823s2004 uk a r 00010 eng d
010 _a101907
011 _a102879
020 _a0470844922
035 _a113568
040 _cCHAP
082 0 4 _a621.3813
_bM58
245 0 0 _aMicrowave electronics :
_bmeasurement and materials characterisation
_c/por L. F. Chen ...[et al.]
260 _aChichester, U.K. :
_bJohn Wiley & Sons,
_c2004
300 _axiii, 537 p. :
_bilus.
590 _aBATCH-UPD
_b10
_c20130110
_lUCH01
_h1019
590 _aBATCH-UPD
_b10
_c20130410
_lUCH01
_h0625
590 _aBATCH-UPD
_b10
_c20130914
_lUCH01
_h0920
590 _aCONVERSION
_b10
_c20130109
_lUCH01
_h1356
650 1 4 _aMicroondas.
_975518
650 1 4 _aOscilaciones eléctricas.
_984176
650 1 4 _aRadio.
_993686
700 1 _aChen, L. F.
_922130
901 _aBK
942 _cLIBRO
949 _a621.3813 M58
_bBC
_cLIBRO
_d33724002246504
_eLIBRO
_h115658
_i113568
_sb
999 _c101907
_d101907